Mikrochimica acta.
| New Title: | Mikrochemie |
|---|---|
| Corporate Authors: | , |
| Format: | Journal |
| Language: | German English French |
| Language Notes: | Articles in German, English or French with summaries in all three languages. |
| Published: |
Wien :
Verlag von Jules Springer,
1937-1938.
|
| Subjects: | |
| Online Availability: |
|
MARC
| Tag | First Indicator | Second Indicator | Subfields |
|---|---|---|---|
| LEADER | 00000cas a2200000 a 4500 | ||
| 001 | in00001403677 | ||
| 005 | 20151020053127.0 | ||
| 008 | 750907d19371938au uu p 0 b0ger d | ||
| 010 | |a acu39001552 | ||
| 022 | 0 | |a 0344-8436 | |
| 030 | |a MIACAQ | ||
| 035 | |a (OCoLC)01605614 | ||
| 035 | |9 AHM7127AM | ||
| 040 | |a MUL |c MUL |d COO |d NSD |d SER |d NSD |d IAX |d TXA |d UtOrBLW | ||
| 041 | 0 | |a ger |a eng |a fre | |
| 049 | |a TXAE | ||
| 090 | |a QD71 |b .M52 | ||
| 092 | |a 543.05 |b .M636 | ||
| 222 | 0 | |a Mikrochimica acta |b (1937) | |
| 245 | 0 | 0 | |a Mikrochimica acta. |
| 264 | 1 | |a Wien : |b Verlag von Jules Springer, |c 1937-1938. | |
| 300 | |a 3 volumes : |b illustrations ; |c 24 cm. | ||
| 336 | |a text |b txt |2 rdacontent | ||
| 337 | |a unmediated |b n |2 rdamedia | ||
| 338 | |a volume |b nc |2 rdacarrier | ||
| 362 | 0 | |a Bd. 1, 1st Heft (Apr. 1937)-Bd. 3, 4th Heft (Juli 1938). | |
| 500 | |a Title from cover. | ||
| 500 | |a "Organ für reine und angewandte mikrochemie" | ||
| 510 | 2 | |a Chemical abstracts |x 0009-2258 | |
| 504 | |a Includes bibliographies. | ||
| 546 | |a Articles in German, English or French with summaries in all three languages. | ||
| 550 | |a Issued by Österreichische Mikrochemische Gesellschaft and the Microchemical Club of Great Britain. | ||
| 580 | |a Absorbed by: Mikrochemie. | ||
| 650 | 0 | |a Microchemistry |x Periodicals. | |
| 710 | 2 | |a Microchemical Club of Great Britain. | |
| 710 | 2 | |a Österreichische Mikrochemische Gesellschaft, Vienna. | |
| 785 | 1 | 5 | |t Mikrochemie |x 0369-0261 |w (OCoLC)1757460 |
| 999 | |a MARS | ||
| 999 | f | f | |s 09e9bac8-70f2-3ade-b740-5d288ebe097e |i 34a01cca-1ce4-3b70-9031-d3c73196ef28 |t 0 |
| 952 | f | f | |p storage |a Texas A&M University |b J.J. Pickle Campus |c High Density Repository |d Remote Storage |t 0 |e QD71 .M52 |h Library of Congress classification |i unmediated -- volume |k Bd.1 |l Apr-Aug 1937 |m A14839145444 |
| 952 | f | f | |p storage |a Texas A&M University |b J.J. Pickle Campus |c High Density Repository |d Remote Storage |t 0 |e QD71 .M52 |h Library of Congress classification |i unmediated -- volume |k Bd.3 |l Feb-Jul 1938 |m A14839145525 |
| 952 | f | f | |p storage |a Texas A&M University |b J.J. Pickle Campus |c High Density Repository |d Remote Storage |t 0 |e QD71 .M52 |h Library of Congress classification |i unmediated -- volume |k Bd.2 |l Oct-Dec 1937 |m A14839145486 |
| 998 | f | f | |a QD71 .M52 |s Bd.1 (1937)-Bd.3 (1938) |t 0 |l Remote Storage |